000 00784nam a2200217 a 4500
003 0
005 20250313154250.0
008 080116s19uu xx 00 eng d
050 _aPGS BL 625.3
_b.L431 2007
100 _aLazo, Guillano Miguel C.
245 _aReligious beliefs and moral values of Catholic and Non-Catholic students /
_cGuillano Miguel C. Lazo.
260 _aLas PiƱas City, Philippines :
_bSouthville International School and Colleges,
_c2007.
300 _a59 pages :
_bcolored illustrations ;
_c28 cm.
504 _aIncludes bibliographical references.
650 _aMoral education.
650 _aReligious education.
650 _aCatholic students.
650 _aNon-Catholic students.
650 _aReligious beliefs and morals.
942 _2lcc
_cPASS
999 _c97963
_d97963